Basic vocabulary for adults (Record no. 1332773)

MARC details
000 -LEADER
fixed length control field 00623nam a2200205Ia 4500
005 - DATE AND TIME OF LATEST TRANSACTION
control field 20250508151907.0
008 - FIXED-LENGTH DATA ELEMENTS--GENERAL INFORMATION
fixed length control field 008 250505s9999 xx 000 0 eng d
037 ## - SOURCE OF ACQUISITION
Stock number Textual
040 ## - CATALOGING SOURCE
Original cataloging agency FEDL
Language of cataloging eng
Transcribing agency FEDL
041 ## - LANGUAGE CODE
Language code of text/sound track or separate title eng
Source of code eng
084 ## - COLON CLASSIFICATION NUMBER
Classification number 491.43, CIE
Assigning agency FEDL
100 ## - MAIN ENTRY--PERSONAL NAME
Personal name Basu A N
245 #0 - TITLE STATEMENT
Title Basic vocabulary for adults
245 #0 - TITLE STATEMENT
Statement of responsibility, etc. C I E Studies in Education and Psychology
260 ## - PUBLICATION, DISTRIBUTION, ETC.
Place of publication, distribution, etc. Delhi, India
Name of publisher, distributor, etc. Central Institute of Education
Date of publication, distribution, etc. 1956
300 ## - PHYSICAL DESCRIPTION
Extent 87p.
546 ## - LANGUAGE NOTE
Language note Publications Number 11; Acc. No. 14030 is weeded out
942 ## - ADDED ENTRY ELEMENTS (KOHA)
Koha item type Textual
Classification part 491.43, CIE
Holdings
Withdrawn status Lost status Damaged status Not for loan Home library Current library Date acquired Total Checkouts Full call number Barcode Date last seen Price effective from Koha item type
        Department of Education Library Department of Education Library 2025-05-08   491.43, CIE EL0014029 2025-05-08 2025-05-08 Textual
Copyright @ Delhi University Library System